00748nam a2200193 i 450000100060000000300090000600500170001500700030003200800410003510000220007624501940009826000380029230000260033070000200035670000190037685200210039599900170041695201210043390264ES-MaACL20230906180409.0t|050119s1921 fr ||||1| fre d1 aLegeay, J.97126814aDes prélèvements leur technique en vue des examens bacteriológiques, chimiques, parasitologiques et biologiques les plus couramment utilisés /cpar A. Liot ; préface de M. Louste. aParis : bVigot Frères, c1921. aIII, 96 p. ; c25 cm.1 aLiot, A.9724901 aLouste.974334 aES-MaACLjE-1377 c90264d90264 00104070aATENEOMbATENEOMcDEPO2d2008-01-17eSCl0oE-1377p1094258r2023-02-23 00:00:00w2023-02-23yMONOGRAFIA